Online
Catalog

Kitabu Umdati Ttabib fi ma Rifati Nnabat Likulli Labib : (Record no. 41411)

MARC details
000 -CABECERA
campo de control de longitud fija 01060nam a2200229 a 4500
001 - NÚMERO DE CONTROL
campo de control 000041922
005 - FECHA Y HORA DE LA ÚLTIMA TRANSACCIÓN
campo de control 20201002035831.0
008 - DATOS DE LONGITUD FIJA--INFORMACIÓN GENERAL
campo de control de longitud fija 131011s2004 sp 000 0 spa d
020 ## - NÚMERO INTERNACIONAL ESTÁNDAR DEL LIBRO
Número Internacional Estándar del Libro 8400082362
040 ## - FUENTE DE LA CATALOGACIÓN
Centro catalogador/agencia de origen DO-SdBNP
Lengua de catalogación spa
Centro/agencia transcriptor BNPHU
100 1# - ENTRADA PRINCIPAL--NOMBRE DE PERSONA
Nombre de persona Al´Isbfili, Abulhayr
9 (RLIN) 68825
240 10 - TÍTULO UNIFORME
Título uniforme Kitabu Umdati Ttabib fi ma Rifati Nnabat Likulli Labib
Lenguaje de la obra Español-Arabe
245 10 - MENCIÓN DE TÍTULO
Título Kitabu Umdati Ttabib fi ma Rifati Nnabat Likulli Labib :
Resto del título (libro base del médico para el conocimiento de la botánica por todo experto) /
Mención de responsabilidad, etc. Abulhayr Al´Isbfili; edición, notas y traducción castellana de, J. Bustamante, F. Corriente y M. TilmatinePurificación de la torre.
260 ## - PUBLICACIÓN, DISTRIBUCIÓN, ETC.
Lugar de publicación, distribución, etc. Madrid, :
Nombre del editor, distribuidor, etc. Consejo Superior de Investigaciones Científicas,
Fecha de publicación, distribución, etc. 2004.
300 ## - DESCRIPCIÓN FÍSICA
Extensión 857 p. ;
Dimensiones 24 cm.
490 1# - MENCIÓN DE SERIE
Mención de serie Fuentes Arábico-Hispanas
Designación de volumen o secuencia 30
546 ## - NOTA DE LENGUA/LENGUAJE
Nota de lengua/lenguaje Texto en Arabe (maltes) y traducido al español
700 1# - PUNTO DE ACCESO ADICIONAL--NOMBRE DE PERSONA
Nombre de persona Bustamante, J.
Término indicativo de función/relación trad.
9 (RLIN) 68826
700 1# - PUNTO DE ACCESO ADICIONAL--NOMBRE DE PERSONA
Nombre de persona Corriente, F.
Término indicativo de función/relación trad.
9 (RLIN) 68827
700 1# - PUNTO DE ACCESO ADICIONAL--NOMBRE DE PERSONA
Nombre de persona Tilmatine, M.
Término indicativo de función/relación trad.
9 (RLIN) 68828
830 #0 - PUNTO DE ACCESO ADICIONAL DE SERIE-TÍTULO UNIFORME
Título uniforme Fuentes Arábico-Hispanas
Designación de volumen o secuencia 30
9 (RLIN) 65581
Holdings
Estado de retiro Estado de pérdida Restricciones de uso No para préstamo Código de colección Localización permanente Ubicación/localización actual Ubicación en estantería Fecha de adquisición Número de inventario Total de préstamos Signatura topográfica completa Código de barras Fecha visto por última vez Precio válido a partir de Tipo de ítem Koha
      Excluido de préstamo Monografías: Libros y Folletos General General En catalogación 22.10.2013 LF1   41922-10 25.06.2020 25.06.2020 No se presta

Powered by Koha